000 00340nam a2200133 i 4500
001 bg
100 1 _aKRAKOWSKI, M.
245 0 _aElektrotechnika techniczna.
_nT. 1,
_pObwody liniowe i nieliniowe /
_cM. Krakowski.
260 _aWarszawa,
_c1979.
040 _cBPK
041 _apol
942 _cKS
008 s pl f |000 0 pol
999 _c6110
_d6110
856 _uhttp://koha.tu.koszalin.pl/cgi-bin/koha/opac-detail.pl?biblionumber=6110
_yKatalog online BPK